Guia bibliografica para el estudio de la historia ecuatoriana /

Bibliographic Details
Main Author: Norris, Robert E.
Format: Book
Language:Spanish
Published: Austin : Institute of Latin American Studies, University of Texas at Austin, [1978]
Series:Guides and bibliographies series ; 11.
Subjects:

MARC

Tag First Indicator Second Indicator Subfields
LEADER 00000cam a2200000 i 4500
001 in00000058582
005 20151008050435.0
008 791012s1978 txu b s00110 spa
010 |a  77077427  
020 |a 0292727151 
035 |a (OCoLC)05116882 
035 |9 AAG1072AM 
040 |a DLC  |c DLC  |d TXA  |d UtOrBLW 
043 |a s-ec--- 
049 |a TXAM  |c [980990] 
050 0 0 |a Z1776  |b .N67  
100 1 |a Norris, Robert E. 
245 1 0 |a Guia bibliografica para el estudio de la historia ecuatoriana /  |c by Robert E. Norris. 
264 1 |a Austin :  |b Institute of Latin American Studies, University of Texas at Austin,  |c [1978] 
264 4 |c ©1978 
300 |a viii, 295 pages ;  |c 26 cm. 
336 |a text  |b txt  |2 rdacontent 
337 |a unmediated  |b n  |2 rdamedia 
338 |a volume  |b nc  |2 rdacarrier 
490 1 |a Guides and bibliographies series ;  |v 11 
500 |a Includes indexes. 
651 0 |a Ecuador  |x History  |x Bibliography. 
830 0 |a Guides and bibliographies series ;  |v 11. 
999 |a MARS 
999 f f |s 45168d61-bc8c-39e9-9895-cd9fb056f2cb  |i fe0e5c50-c58b-311d-b0fc-7d22c7810bf3  |t 0 
952 f f |p ric  |a Texas A&M University  |b Rellis Campus  |c Joint Library Facility  |d Remote Storage  |t 0  |e Z1776 .N67  |h Library of Congress classification  |i unmediated -- volume  |m A14805767612 
998 f f |a Z1776 .N67  |t 0  |l Remote Storage